Statistics for NFL First Team All-Pro 2021

Click here to take the quiz!

General Stats

  • This quiz has been taken 216 times
    (205 since last reset)
  • The average score is 13 of 28

Answer Stats

PositionPlayer% Correct
QBAaron Rodgers
97%
CJason Kelce
89%
WRDavante Adams
85%
WRCooper Kupp
81%
TEMark Andrews
79%
EDGET.J. Watt
77%
DEAaron Donald
76%
RBJonathan Taylor
75%
CBTrevon Diggs
71%
CBJalen Ramsey
66%
KJustin Tucker
64%
TTrent Williams
53%
EDGEMyles Garrett
48%
WRDeebo Samuel
44%
GZack Martin
44%
LBMicah Parsons
43%
LBDarius Leonard
34%
GJoel Bitonio
25%
DECameron Heyward
24%
TTristan Wirfs
19%
LBDe'Vondre Campbell
15%
SKevin Byard
15%
SJordan Poyer
13%
PA.J. Cole
9%
KRBraxton Berrios
7%
PRDevin Duvernay
7%
STJ.T. Gray
5%
LSLuke Rhodes
5%

Score Distribution

Percentile by Number Answered

Percent of People with Each Score

Your Score History

You have not taken this quiz since the last reset